[Event "SVK-ch U16/20 Girls"]
[Site "Liptovsky Mikulas"]
[Date "2017.04.25"]
[Round "5"]
[White "Halanova, Tereza"]
[Black "Bobrova, Katarina"]
[Result "0-1"]
[WhiteElo "1053"]
[BlackElo "1399"]
[PlyCount "38"]
[EventDate "2017.04.22"]
[EventType "swiss"]
[EventRounds "9"]
[EventCountry "SVK"]
[SourceTitle "CBM 178 Extra"]
[Source "ChessBase"]
[SourceDate "2017.06.22"]
[SourceVersion "1"]
[SourceVersionDate "2017.06.22"]
[SourceQuality "1"]

1. e4 e5 2. Nf3 Nf6 3. Nc3 Nc6 4. Bc4 Nxe4 5. Nxe4 d5 6. Bd3 dxe4 7. Bxe4 Bg4 8. h3 Bh5 9. g4 Bg6 10. Qe2 Bd6 11. Bxg6 hxg6 12. d4 Qe7 13. c3 exd4 14. cxd4 Qxe2+ 15. Kxe2 0-0-0 16. Re1 Rxh3 17. Ng5 Re8+ 18. Kf1 Rh1+ 19. Kg2 Rexe1 0-1

[Event "SVK-ch U16/20 Girls"]
[Site "Liptovsky Mikulas"]
[Date "2017.04.23"]
[Round "3"]
[White "Dudaskova, Katarina"]
[Black "Halanova, Tereza"]
[Result "1-0"]
[WhiteElo "1167"]
[BlackElo "1053"]
[PlyCount "103"]
[EventDate "2017.04.22"]
[EventType "swiss"]
[EventRounds "9"]
[EventCountry "SVK"]
[SourceTitle "CBM 178 Extra"]
[Source "ChessBase"]
[SourceDate "2017.06.22"]
[SourceVersion "1"]
[SourceVersionDate "2017.06.22"]
[SourceQuality "1"]

1. e4 e5 2. Nf3 Nc6 3. Bc4 Bc5 4. d3 d6 5. h3 Nf6 6. Bg5 h6 7. Bh4 g5 8. Bg3 Bd7 9. Nc3 Nd4 10. 0-0 g4 11. hxg4 Bxg4 12. Nd5 c6 13. Ne3 Qd7 14. Nxg4 Qxg4 15. Nxd4 Bxd4 16. c3 Bb6 17. Qxg4 Nxg4 18. Kh1 f6 19. Be6 h5 20. Rac1 Ke7 21. Bc4 h4 22. Bh2 Bxf2 23. Rcd1 Ne3 24. Rxf2 Nxd1 25. Re2 Rh7 26. Bg1 b5 27. Bb3 Rg7 28. Bxd1 Rh8 29. Kh2 Rg3 30. Re3 Rhg8 31. Rxg3 hxg3+ 32. Kh3 f5 33. exf5 Kf6 34. Bg4 Rh8+ 35. Kxg3 Kg5 36. Be3+ Kf6 37. Bxa7 c5 38. Bh3 Kg5 39. Bb6 Rg8 40. Kf3 Kh4 41. Bc7 Rg3+ 42. Ke4 d5+ 43. Kxd5 Rxd3+ 44. Kxe5 Rd2 45. f6 Kg5 46. Bd6 Rf2 47. Be7 Kg6 48. Bd7 Kf7 49. Be6+ Kg6 50. f7 Rxf7 51. Bxf7+ Kxf7 52. Bxc5 1-0

[Event "Liptovsky Mikulas V4 U15 op"]
[Site "Liptovsky Mikulas"]
[Date "2016.06.26"]
[Round "9"]
[White "Halanova, Tereza"]
[Black "Sivicek, Filip"]
[Result "1-0"]
[WhiteElo "1052"]
[BlackElo "1223"]
[PlyCount "37"]
[EventDate "2016.06.22"]
[EventType "swiss"]
[EventRounds "9"]
[EventCountry "SVK"]
[SourceTitle "CBM 173 Extra"]
[Source "ChessBase"]
[SourceDate "2016.08.29"]
[SourceVersion "1"]
[SourceVersionDate "2016.08.29"]
[SourceQuality "1"]

1. e4 e5 2. Nf3 Nc6 3. Nc3 Bc5 4. Bc4 d6 5. d3 Be6 6. 0-0 Nf6 7. h3 h6 8. Re1 0-0 9. Be3 Bb4 10. a3 Bxc3 11. bxc3 Bxc4 12. dxc4 Nxe4 13. Bd2 Nxd2 14. Qxd2 f5 15. Rab1 b6 16. Qd5+ Kh8 17. Qxc6 e4 18. Nd4 Rc8 19. Ne6 1-0

[Event "SVK-ch U16/20 Girls"]
[Site "Liptovsky Mikulas"]
[Date "2016.04.20"]
[Round "6"]
[White "Kolevska, Lea Teodora"]
[Black "Halanova, Tereza"]
[Result "1-0"]
[WhiteElo "1000"]
[BlackElo "1054"]
[PlyCount "83"]
[EventDate "2016.04.16"]
[EventType "swiss"]
[EventRounds "9"]
[EventCountry "SVK"]
[SourceTitle "CBM 172 Extra"]
[Source "ChessBase"]
[SourceDate "2016.06.21"]
[SourceVersion "1"]
[SourceVersionDate "2016.06.21"]
[SourceQuality "1"]

1. e4 e5 2. Nf3 Nc6 3. d4 f6 4. Nc3 Bd6 5. Bc4 a6 6. 0-0 b5 7. Bd5 Nge7 8. Bf7+ Kxf7 9. dxe5 fxe5 10. Ng5+ Ke8 11. Qf3 Rf8 12. Qh5+ g6 13. Qxh7 Bc5 14. Qg7 d6 15. Nd5 Nxd5 16. Qxg6+ Ke7 17. exd5 Nd4 18. Ne6 Nxe6 19. dxe6 Bxe6 20. Bg5+ Kd7 21. Bxd8 Kxd8 22. Qxe6 c6 23. Rad1 Kc7 24. Rfe1 Rfd8 25. Kf1 Kb6 26. a3 a5 27. c3 b4 28. Qb3 Kb5 29. cxb4 axb4 30. axb4 Bxb4 31. Qd3+ Kb6 32. Re4 Bc5 33. f4 exf4 34. b4 Bxb4 35. Rxb4+ Kc7 36. Rxf4 Rd7 37. Rc1 c5 38. Qd5 Ra5 39. Rb1 Ra7 40. Rf7 Rxf7+ 41. Qxf7+ Kc6 42. Qxa7 1-0

[Event "SVK-ch U14 Girls"]
[Site "Tatralandia"]
[Date "2015.04.24"]
[Round "8"]
[White "Halanova, Tereza"]
[Black "Cibikova, Sofia Anna"]
[Result "0-1"]
[WhiteElo "1000"]
[BlackElo "1660"]
[PlyCount "82"]
[EventDate "2015.04.18"]
[EventType "swiss"]
[EventRounds "9"]
[EventCountry "SVK"]
[SourceTitle "CBM 166 Extra"]
[Source "ChessBase"]
[SourceDate "2015.06.18"]
[SourceVersion "1"]
[SourceVersionDate "2015.06.18"]
[SourceQuality "1"]

1. e4 Nf6 2. Nc3 d5 3. e5 d4 4. exf6 dxc3 5. bxc3 exf6 6. d3 Bd6 7. g3 0-0 8. d4 Re8+ 9. Be2 Bd7 10. Nf3 Bb5 11. Ng1 Nc6 12. d5 Bxe2 13. Nxe2 Ne5 14. 0-0 Qd7 15. Rb1 c6 16. f4 Nc4 17. Re1 Bc5+ 18. Kg2 Nb6 19. dxc6 Qxc6+ 20. Kh3 Qe6+ 21. Kg2 Rad8 22. Bd2 Qd5+ 23. Kh3 Qxd2 24. Ng1 Qxd1 25. Rbxd1 Rxd1 26. Rxd1 Bxg1 27. Rxg1 h6 28. Kg2 Rc8 29. Rd1 Rc7 30. Rd8+ Kh7 31. Rb8 Kg6 32. Rg8 Rxc3 33. g4 Rxc2+ 34. Kf1 Rc8 35. Rxc8 Nxc8 36. f5+ Kg5 37. h3 g6 38. fxg6 fxg6 39. Kg2 Kh4 40. a4 a6 41. Kh2 b5 0-1

[Event "SVK-ch U14 Girls"]
[Site "Tatralandia"]
[Date "2015.04.18"]
[Round "1"]
[White "Halanova, Tereza"]
[Black "Cabanova, Kristina"]
[Result "0-1"]
[WhiteElo "1000"]
[BlackElo "1563"]
[PlyCount "42"]
[EventDate "2015.04.18"]
[EventType "swiss"]
[EventRounds "9"]
[EventCountry "SVK"]
[SourceTitle "CBM 166 Extra"]
[Source "ChessBase"]
[SourceDate "2015.06.18"]
[SourceVersion "1"]
[SourceVersionDate "2015.06.18"]
[SourceQuality "1"]

1. e4 e6 2. Nf3 d5 3. exd5 exd5 4. d4 Bd6 5. Nc3 c6 6. a3 Ne7 7. Qe2 0-0 8. h4 Re8 9. Qe3 Nf5 10. Qe2 Rxe2+ 11. Bxe2 Nd7 12. Bd3 Nb6 13. b3 Bd7 14. g3 Qc7 15. b4 f6 16. Rb1 Bxg3 17. Ne2 Re8 18. Bxf5 Bxf5 19. Rg1 Qe7 20. Kd2 Qxe2+ 21. Kc3 Qxc2# 0-1

[Event "SVK-ch U14 Girls"]
[Site "Stara Lubovna"]
[Date "2014.04.12"]
[Round "7"]
[White "Halanova, Tereza"]
[Black "Tejova, Alexandra"]
[Result "0-1"]
[WhiteElo "1000"]
[BlackElo "1589"]
[PlyCount "68"]
[EventDate "2014.04.05"]
[EventType "swiss"]
[EventRounds "7"]
[EventCountry "SVK"]
[SourceTitle "EXT 2016"]
[Source "ChessBase"]
[SourceDate "2015.10.08"]
[SourceVersion "1"]
[SourceVersionDate "2015.10.08"]
[SourceQuality "1"]

1. e4 e5 2. Nf3 Nf6 3. Nc3 Nc6 4. Bb5 d6 5. d4 exd4 6. Nxd4 Bd7 7. Nxc6 bxc6 8. Ba4 h6 9. Qe2 Be7 10. 0-0 0-0 11. Qf3 Bg4 12. Qf4 Qd7 13. f3 Be6 14. g4 Nh7 15. Rd1 Rac8 16. e5 Rfd8 17. Be3 a6 18. h3 Bg5 19. Qe4 d5 20. Qd3 Bxe3+ 21. Qxe3 d4 22. Rxd4 Qxd4 23. Qxd4 Rxd4 24. b3 Ng5 25. Kg2 Rd2+ 26. Kg1 Nxf3+ 27. Kf1 Rxc2 28. Rd1 Rxc3 29. Kf2 Ng5 30. Kg2 Bd5+ 31. Kg1 Nxh3+ 32. Kf1 Rd8 33. Re1 Rc2 34. Rb1 Re8 0-1

[Event "SVK-ch U14 Girls"]
[Site "Stara Lubovna"]
[Date "2014.04.10"]
[Round "5"]
[White "Halanova, Tereza"]
[Black "Bobrova, Katarina"]
[Result "0-1"]
[WhiteElo "1000"]
[BlackElo "1250"]
[PlyCount "112"]
[EventDate "2014.04.05"]
[EventType "swiss"]
[EventRounds "7"]
[EventCountry "SVK"]
[SourceTitle "EXT 2016"]
[Source "ChessBase"]
[SourceDate "2015.10.08"]
[SourceVersion "1"]
[SourceVersionDate "2015.10.08"]
[SourceQuality "1"]

1. e4 d6 2. Nf3 Nf6 3. Nc3 g6 4. d3 Bg7 5. Bg5 0-0 6. d4 Nbd7 7. e5 dxe5 8. dxe5 Ne8 9. Nd5 f6 10. exf6 exf6 11. Bb5 fxg5 12. Qd2 c6 13. Ba4 cxd5 14. Qxd5+ Kh8 15. Nxg5 Nef6 16. Qe6 Re8 17. Nf7+ Kg8 18. Nxd8+ Rxe6+ 19. Nxe6 Nb6 20. Bb3 Bxe6 21. Bxe6+ Kh8 22. Rd1 Re8 23. Rd6 Ne4 24. Rd3 Rxe6 25. Re3 Nd5 26. Re2 Bxb2 27. f3 Bc3+ 28. Kf1 Nd2+ 29. Kf2 Bd4+ 30. Ke1 Rb6 31. Rxd2 Rb1+ 32. Rd1 Bc3+ 33. Ke2 Rb2 34. Rxd5 Rxc2+ 35. Kd1 Rxa2 36. Re1 Bxe1 37. Kxe1 a5 38. Rd8+ Kg7 39. Rb8 Rb2 40. g4 a4 41. Ra8 b5 42. Kd1 a3 43. Rxa3 b4 44. Rd3 Kf6 45. Kc1 Rxh2 46. Rb3 Rf2 47. Kd1 h5 48. Ke1 Rh2 49. Rxb4 h4 50. Kf1 h3 51. Rb6+ Kg5 52. Kg1 Rg2+ 53. Kh1 Kf4 54. Rf6+ Kg3 55. Rxg6 h2 56. Rh6 Rg1# 0-1

[Event "SVK-ch U12 Girls"]
[Site "Lubovna"]
[Date "2013.04.13"]
[Round "9"]
[White "Halanova, Tereza"]
[Black "Verbovska, Andrea"]
[Result "0-1"]
[WhiteElo "1000"]
[BlackElo "1000"]
[PlyCount "78"]
[EventDate "2013.04.06"]
[EventType "swiss"]
[EventRounds "9"]
[EventCountry "SVK"]
[SourceTitle "CBM 153 Extra"]
[Source "ChessBase"]
[SourceDate "2013.04.22"]
[SourceVersion "1"]
[SourceVersionDate "2013.04.22"]
[SourceQuality "1"]

1. e4 d6 2. Bb5+ c6 3. Bc4 d5 4. exd5 cxd5 5. Bb5+ Nc6 6. Ba4 Nf6 7. Nf3 g6 8. Nc3 d4 9. Nb5 Bg7 10. d3 a6 11. Na3 0-0 12. Bg5 b5 13. Bb3 b4 14. Nc4 Bg4 15. 0-0 Be6 16. Ba4 Rc8 17. Bxf6 Bxf6 18. Re1 Bxc4 19. dxc4 Qa5 20. c3 dxc3 21. bxc3 Bxc3 22. Qe2 Bxe1 23. Rxe1 Qxa4 24. Qd1 Qxa2 25. Qa1 Qxc4 26. Rc1 Qb5 27. Rd1 b3 28. Nd2 b2 29. Qb1 Rfd8 30. f4 Qb4 31. g3 Rxd2 32. Re1 Qd4+ 33. Kh1 Rd8 34. Rc1 Rd1+ 35. Rxd1 Qxd1+ 36. Kg2 Qxb1 37. h3 Qe4+ 38. Kh2 Rd2+ 39. Kg1 Qe1# 0-1

[Event "SVK-ch U12 Girls"]
[Site "Lubovna"]
[Date "2013.04.12"]
[Round "8"]
[White "Majirska, Karin"]
[Black "Halanova, Tereza"]
[Result "1-0"]
[WhiteElo "1000"]
[BlackElo "1000"]
[PlyCount "35"]
[EventDate "2013.04.06"]
[EventType "swiss"]
[EventRounds "9"]
[EventCountry "SVK"]
[SourceTitle "CBM 153 Extra"]
[Source "ChessBase"]
[SourceDate "2013.04.22"]
[SourceVersion "1"]
[SourceVersionDate "2013.04.22"]
[SourceQuality "1"]

1. e4 e5 2. Bc4 Nf6 3. d3 Bb4+ 4. c3 Ba5 5. Bg5 0-0 6. Nf3 d6 7. h3 h6 8. Bh4 g5 9. Bg3 Be6 10. Bxe6 fxe6 11. Qb3 d5 12. Qxb7 Nbd7 13. Qc6 dxe4 14. dxe4 Nxe4 15. Qxe4 Rb8 16. Qg6+ Kh8 17. Nxe5 Rg8 18. Nf7# 1-0

[Event "SVK-ch U12 Girls"]
[Site "Lubovna"]
[Date "2013.04.08"]
[Round "4"]
[White "Bobrova, Katarina"]
[Black "Halanova, Tereza"]
[Result "1-0"]
[WhiteElo "1000"]
[BlackElo "1000"]
[PlyCount "67"]
[EventDate "2013.04.06"]
[EventType "swiss"]
[EventRounds "9"]
[EventCountry "SVK"]
[SourceTitle "CBM 153 Extra"]
[Source "ChessBase"]
[SourceDate "2013.04.22"]
[SourceVersion "1"]
[SourceVersionDate "2013.04.22"]
[SourceQuality "1"]

1. e4 e5 2. Nf3 Nf6 3. Nc3 Nc6 4. d4 exd4 5. Nxd4 Nxd4 6. Qxd4 Be7 7. Bb5 0-0 8. e5 Nh5 9. 0-0 b6 10. Qg4 Nf6 11. exf6 Bxf6 12. Bd3 d6 13. Qh5 Re8 14. Qxh7+ Kf8 15. Qh8+ Ke7 16. Re1+ Kd7 17. Bb5+ c6 18. Qh3+ Kc7 19. Be3 Bxh3 20. Rad1 Bxc3 21. bxc3 cxb5 22. Rd4 g5 23. c4 Bg4 24. cxb5 a5 25. Rxg4 f6 26. Rc4+ Kb8 27. Rc6 Ra7 28. Bxb6 Qe7 29. Bxa7+ Kxa7 30. b6+ Ka8 31. Rb1 Qf8 32. b7+ Kb8 33. g3 Rc8 34. bxc8Q+ 1-0

[Event "SVK-ch U12 Girls"]
[Site "Lubovna"]
[Date "2013.04.08"]
[Round "3"]
[White "Halanova, Tereza"]
[Black "Sankova, Stella"]
[Result "0-1"]
[WhiteElo "1000"]
[BlackElo "1000"]
[PlyCount "26"]
[EventDate "2013.04.06"]
[EventType "swiss"]
[EventRounds "9"]
[EventCountry "SVK"]
[SourceTitle "CBM 153 Extra"]
[Source "ChessBase"]
[SourceDate "2013.04.22"]
[SourceVersion "1"]
[SourceVersionDate "2013.04.22"]
[SourceQuality "1"]

1. e4 e5 2. Nf3 Nf6 3. Nc3 Nc6 4. b4 Nxb4 5. a3 Nc6 6. Rb1 Bc5 7. Na4 Qe7 8. d4 exd4 9. Nxc5 Qxc5 10. a4 Nxe4 11. Ra1 d3 12. Ba3 dxc2 13. Qc1 Qxf2# 0-1

[Event "SVK-ch U12 Girls"]
[Site "Lubovna"]
[Date "2013.04.06"]
[Round "1"]
[White "Nadzamova, Sofia"]
[Black "Halanova, Tereza"]
[Result "1-0"]
[WhiteElo "1302"]
[BlackElo "1000"]
[PlyCount "61"]
[EventDate "2013.04.06"]
[EventType "swiss"]
[EventRounds "9"]
[EventCountry "SVK"]
[SourceTitle "CBM 153 Extra"]
[Source "ChessBase"]
[SourceDate "2013.04.22"]
[SourceVersion "1"]
[SourceVersionDate "2013.04.22"]
[SourceQuality "1"]

1. e4 e5 2. Nf3 d6 3. Nc3 Nc6 4. d4 exd4 5. Nxd4 Nxd4 6. Qxd4 Be6 7. Bd3 Be7 8. 0-0 Bf6 9. Qb4 Bg5 10. Qxb7 Bxc1 11. Raxc1 Rb8 12. Bb5+ Kf8 13. Qxa7 Ra8 14. Qe3 Nf6 15. a3 Ng4 16. Qg3 Nf6 17. Rcd1 Nh5 18. Qe3 c5 19. Rd2 f6 20. Rfd1 Qe7 21. Rxd6 Bg4 22. f3 Bc8 23. Rd8+ Kf7 24. Rxh8 Bd7 25. Rxd7 Rxh8 26. Rxe7+ Kg6 27. g4 Rb8 28. gxh5+ Kxh5 29. Be8+ Kh4 30. Qf4+ Kh3 31. Qg3# 1-0